[Event "Challenge"]
[Site "http://www.queenalice.com/game.php?id=1636825"]
[Date "2020.12.17"]
[Round "-"]
[White "Mr_SPOCK"]
[Black "iceman_gobbi"]
[Result "0-1"]
[WhiteElo "1594"]
[BlackElo "1590"]

1. e4 c5 2. e5 Nc6 3. Nf3 e6 4. Bc4 d5 5. exd6 Bxd6 6. d4 Qb6 7. O-O Nf6 8. d5
Nxd5 9. Re1 O-O 10. Nh4 Ne5 11. Na3 a6 12. Qh5 Qa5 13. Bh6 f6 14. Bxg7 Kxg7 15.
Bxd5 exd5 16. f4 Bg4 17. Nf5+ Kh8 18. Qh6 Bxf5 19. h3 Ng6 20. c4 Nxf4 21. g3 Rg8
22. Qxf6+ Rg7 23. Qxf5 Rxg3+ 24. Kf2 Rf8 25. Re8 Nxh3+ 26. Kf1 Rxe8 27. Nc2 Rg1#
0-1

[Event "Challenge"]
[Site "http://www.queenalice.com/game.php?id=1636835"]
[Date "2020.12.17"]
[Round "-"]
[White "kd4hls"]
[Black "iceman_gobbi"]
[Result "1-0"]
[WhiteElo "1676"]
[BlackElo "1617"]

1. d4 d5 2. Bf4 e6 3. e3 Bd6 4. Qf3 Nf6 5. Be2 Ne4 6. Bd3 f5 7. Qh5+ g6 8. Qf3
Nc6 9. Ne2 Qe7 10. O-O Bd7 11. c4 O-O-O 12. c5 Bxf4 13. Nxf4 e5 14. Bxe4 fxe4
15. Nxd5 exf3 16. Nxe7+ Nxe7 17. g3 e4 18. a4 Nd5 19. a5 Bb5 20. Rc1 a6 21. Nc3
Nxc3 22. Rxc3 Rd5 23. b4 Kd7 24. Rac1 1-0

[Event "Challenge"]
[Site "http://www.queenalice.com/game.php?id=1638868"]
[Date "2021.1.5"]
[Round "-"]
[White "iceman_gobbi"]
[Black "Doctor"]
[Result "0-1"]
[WhiteElo "1625"]
[BlackElo "1673"]

1. d4 Nc6 2. Nf3 f5 3. c3 e6 4. Qd3 Nf6 5. Nbd2 d5 6. c4 Ne4 7. cxd5 Nb4 8. Qb3
exd5 9. Nxe4 fxe4 10. Bg5 Qd6 11. Ne5 g6 12. g3 Bg7 13. Bf4 Qe6 14. Qxb4 Bf8 15.
Qc3 a5 16. Bg2 Bb4 17. Nxg6 Bxc3+ 18. bxc3 hxg6 19. Be5 Rh7 20. O-O Qe7 21. f3
Qg5 22. fxe4 Bh3 23. Bf6 Qe3+ 24. Rf2 Bxg2 25. Kxg2 Qxe4+ 26. Rf3 Qxe2+ 27. Rf2
Rxh2+ 28. Kg1 Qxf2# 0-1

[Event "Agora é pr fAder d DESAF MIGO!"]
[Site "http://www.queenalice.com/game.php?id=1639268"]
[Date "2021.1.8"]
[Round "-"]
[White "iceman_gobbi"]
[Black "Olavio"]
[Result "1-0"]
[WhiteElo "1595"]
[BlackElo "1815"]

1. d4 d5 2. c4 Nf6 3. Nc3 c6 4. Qd3 dxc4 5. Qxc4 Be6 6. Qb4 Nd5 7. Nxd5 Bxd5 8.
Qxb7 Nd7 9. e3 Nf6 10. Nf3 g6 11. b3 Ne4 12. Bc4 Nd6 13. Qb4 Bxc4 14. bxc4 Rb8
15. Qc5 Qc7 16. O-O e6 17. Qe5 Rg8 18. Ba3 Kd7 19. Qf6 Be7 20. Ne5+ Kc8 21. Qf3
Rb7 22. Nxc6 Bf8 23. Rab1 Nxc4 24. Rfc1 Rxb1 25. Rxb1 Nxa3 26. Nxa7+ Kd8 27.
Qa8+ Kd7 28. Rb7 f5 29. Qc8+ 1-0

[Event "Desafi-MOR e V DPRETAS mô lind!"]
[Site "http://www.queenalice.com/game.php?id=1639269"]
[Date "2021.1.8"]
[Round "-"]
[White "Olavio"]
[Black "iceman_gobbi"]
[Result "1/2-1/2"]
[WhiteElo "1743"]
[BlackElo "1652"]

1. e4 c5 2. Bc4 e6 3. Nf3 d6 4. Nc3 Nc6 5. O-O Nf6 6. Re1 e5 7. d3 g6 8. Bg5 Bg7
9. Qd2 O-O 10. Nd5 Be6 11. Nxf6+ Bxf6 12. h4 Bxg5 13. Nxg5 Bxc4 14. dxc4 Nd4 15.
f4 f6 16. Nh3 b5 17. c3 Ne6 18. f5 gxf5 19. exf5 Ng7 20. g4 h6 21. Qxh6 bxc4 22.
Nf2 Kf7 23. Ne4 Rh8 24. Qg6+ Kf8 25. Nxf6 Ne8 26. h5 Nxf6 27. h6 Rg8 28. g5 Rxg6
29. fxg6 Ng4 30. Rf1+ Kg8 31. Rf7 Qxg5 32. Rg7+ Kh8 33. Rh7+ Kg8 34. Rg7+ Kh8
35. Rh7+ Kg8 36. Rg7+ Kh8 1/2-1/2

[Event "Challenge"]
[Site "http://www.queenalice.com/game.php?id=1640320"]
[Date "2021.1.17"]
[Round "-"]
[White "iceman_gobbi"]
[Black "Olavio"]
[Result "0-1"]
[WhiteElo "1656"]
[BlackElo "1761"]

1. e4 g6 2. Nf3 Bg7 3. Bb5 a6 4. Ba4 c5 5. d4 cxd4 6. Nxd4 Nc6 7. c3 Nxd4 8.
cxd4 Nf6 9. Nc3 O-O 10. O-O d5 11. e5 Ne4 12. Nxe4 dxe4 13. Re1 Qd5 14. Bb3 Qb5
15. a4 Qb6 16. Be3 Qa7 17. d5 b6 18. Bd4 e6 19. Rxe4 Bb7 20. Bc3 Rad8 21. Qf3
exd5 22. Rb4 d4 23. Qf4 dxc3 24. Rd4 Rxd4 25. Qxd4 Re8 26. f4 cxb2 27. Qxb2 Bc6
28. Qd4 Qc7 29. Rd1 b5 30. Qd6 Qb6+ 31. Kf1 Bf8 32. Qf6 Re7 33. Bxf7+ Rxf7 34.
Qd8 Rxf4+ 0-1

[Event "Challenge"]
[Site "http://www.queenalice.com/game.php?id=1640766"]
[Date "2021.1.21"]
[Round "-"]
[White "iceman_gobbi"]
[Black "Ew"]
[Result "1-0"]
[WhiteElo "1656"]
[BlackElo "1697"]

1. d4 b6 2. c4 c5 3. Nf3 Bb7 4. e3 Na6 5. a3 g6 6. Be2 Bg7 7. O-O Nh6 8. b3 O-O
9. Bb2 Qc7 10. Nc3 Ng4 11. Ne5 Nxe5 12. Nb5 Qc6 13. f3 Ng4 14. d5 Qc8 15. Bxg7
Kxg7 16. fxg4 e6 17. Nd6 Qc7 18. Nxb7 Qxb7 19. e4 exd5 20. Qxd5 Qxd5 21. cxd5
Rfe8 22. Bxa6 Rxe4 23. h3 Rd4 24. Rad1 Rxd1 25. Rxd1 Kf6 26. Re1 Kg5 27. Re7 Kf6
28. Rxd7 h5 29. Bb7 Re8 30. gxh5 gxh5 31. Kf2 Re7 32. Rd6+ Kg7 33. Kf3 f6 34.
Ba6 Kg6 35. Bd3+ Kg5 36. g3 Rf7 37. h4+ Kh6 38. Bf5 b5 39. Rc6 b4 40. a4 a5 41.
Rxc5 Ra7 42. Rc6 Kg7 43. d6 Kf8 44. Rc7 Ra8 45. d7 Rd8 46. Rc8 Ke7 47. Rc7 Kd6
48. Ra7 Ke5 49. Rxa5+ Kd4 50. Rb5 Kc3 51. Be6 f5 52. a5 Ra8 53. Bxf5 Kxb3 54.
Rc5 Rf8 55. Ke4 Ka2 56. Rc8 b3 57. Rxf8 b2 58. Kd4 1-0

[Event "Challenge"]
[Site "http://www.queenalice.com/game.php?id=1642807"]
[Date "2021.2.6"]
[Round "-"]
[White "iceman_gobbi"]
[Black "Mr_SPOCK"]
[Result "1-0"]
[WhiteElo "1620"]
[BlackElo "1593"]

1. d4 d5 2. c4 e6 3. Nf3 Nf6 4. e3 Ne4 5. Qc2 Na6 6. a3 c5 7. Bd3 cxd4 8. exd4
Bb4+ 9. Nbd2 Nxd2 10. Nxd2 dxc4 11. Bxc4 Qxd4 12. Bb5+ Bd7 13. Bxd7+ Qxd7 14.
O-O O-O 15. axb4 Nxb4 16. Qb3 Nd3 17. Nf3 Nc5 18. Qa3 b6 19. Ne5 Qd4 20. Rd1 Qh4
21. g3 Qh3 22. Nd7 Ne4 23. Nxf8 g6 24. Rd4 Ng5 25. Bxg5 Kg7 26. Rh4 Qf5 27.
Rxh7+ Kg8 28. Qc3 e5 29. Bf4 Kxf8 30. Rh8+ Ke7 31. Rxa8 exf4 32. R8xa7+ Ke6 33.
Re1+ Kd6 34. Qd4+ Kc6 35. Rc1+ Kb5 36. Qc4# 1-0

[Event "Challenge"]
[Site "http://www.queenalice.com/game.php?id=1643471"]
[Date "2021.2.13"]
[Round "-"]
[White "Ew"]
[Black "iceman_gobbi"]
[Result "0-1"]
[WhiteElo "1755"]
[BlackElo "1635"]

1. e4 c5 2. Bc4 e6 3. d3 Nc6 4. Bb5 a6 5. Bxc6 bxc6 6. Nh3 e5 7. Qh5 Nf6 8.
Qxe5+ Qe7 9. Qc3 d6 10. Bg5 Qe5 11. Bxf6 gxf6 12. Qxe5+ fxe5 13. Ng5 Be6 14.
Nxe6 fxe6 15. O-O O-O-O 16. b3 Kc7 17. Nd2 d5 18. g3 Bh6 19. Nf3 Kd6 20. c3 d4
21. c4 Rhf8 22. Nh4 Bd2 23. a4 Rb8 24. Rab1 Ke7 25. Nf3 Rxf3 26. h4 Rxd3 27.
Rfd1 Rbxb3 28. Rxb3 Rxb3 29. Rxd2 Rc3 30. a5 d3 31. Kf1 Rxc4 32. Ke1 Rxe4+ 33.
Kd1 c4 34. Kc1 Kf6 35. f3 Re3 36. Rf2 c3 37. Kb1 Re2 38. Rf1 d2 39. Rd1 Re3 40.
Rf1 Re1+ 0-1

[Event "Challenge"]
[Site "http://www.queenalice.com/game.php?id=1644215"]
[Date "2021.2.19"]
[Round "-"]
[White "uacaman"]
[Black "iceman_gobbi"]
[Result "1-0"]
[WhiteElo "1526"]
[BlackElo "1674"]

1. Nf3 c5 2. c4 e6 3. d4 d6 4. e4 d5 5. cxd5 exd5 6. Bb5+ Nc6 7. dxc5 Qa5+ 8.
Nc3 dxe4 9. Ne5 Ne7 10. Bxc6+ bxc6 11. Qb3 Be6 12. Qb7 Bc8 13. Qb3 Be6 14. Qb7
Rd8 15. Nxc6 Nxc6 16. Qxc6+ Rd7 17. Qa8+ Rd8 18. Qc6+ Rd7 19. Qa8+ Qd8 20. Qxe4
Bxc5 21. Be3 Bd4 22. Bxd4 Rxd4 23. Qc6+ Bd7 24. Qc5 Qb6 25. Qe5+ Be6 26. Qxg7
Rf8 27. O-O h5 28. Rfe1 Rg4 29. Qe5 Rfg8 30. g3 R4g5 31. Qf4 Rf5 32. Qxf5 Qxb2
33. Nd5 Kf8 34. Qxh5 Bxd5 35. Qxd5 f6 36. Qd8+ Kg7 37. Qe7+ Kg6 38. Qe4+ Kg7 39.
Qg4+ Kf7 40. Qc4+ Kg7 41. Re7+ Kf8 42. Qf7# 1-0

[Event "Vams evolu pÍndi dRei? Só jg"]
[Site "http://www.queenalice.com/game.php?id=1644924"]
[Date "2021.2.26"]
[Round "-"]
[White "iceman_gobbi"]
[Black "uacaman"]
[Result "0-1"]
[WhiteElo "1671"]
[BlackElo "1548"]

1. d4 d5 2. c4 e6 3. Nc3 dxc4 4. e4 c5 5. Qa4+ Bd7 6. Qxc4 cxd4 7. Nb5 Bxb5 8.
Qxb5+ Qd7 9. Nf3 Nc6 10. Bc4 Bb4+ 11. Bd2 a6 12. Bxb4 axb5 13. Bxb5 Nge7 14. Ne5
Qc7 15. Nxc6 bxc6 16. Rc1 O-O 17. Bd3 Rxa2 18. b3 Rb8 19. O-O Rxb4 20. Ra1 Rxa1
21. Rxa1 Qb8 22. Rb1 Rxb3 23. Rc1 Rxd3 24. e5 Qc8 25. g3 c5 26. h4 c4 27. Kf1 c3
28. Ke2 Qc4 29. Ra1 Rxg3+ 30. Kd1 Qd3+ 31. Ke1 Rg1# 0-1

[Event "Challenge"]
[Site "http://www.queenalice.com/game.php?id=1644947"]
[Date "2021.2.27"]
[Round "-"]
[White "CAMISA10"]
[Black "iceman_gobbi"]
[Result "0-1"]
[WhiteElo "1538"]
[BlackElo "1650"]

1. e4 c5 2. Bc4 e6 3. h3 Nc6 4. a3 d6 5. Bb5 Bd7 6. Nf3 g6 7. b3 Bg7 8. c3 Nge7
9. Ng5 O-O 10. O-O d5 11. exd5 Nxd5 12. a4 Qxg5 13. d4 Qf5 14. Bd3 Qf6 15. Nd2
Nxc3 16. Qc2 cxd4 17. Ba3 Rfe8 18. Nc4 e5 19. Nd2 Rab8 20. Ne4 Nxe4 21. Bxe4 a5
22. Qc5 b6 23. Qd5 Ne7 24. Qxd7 Red8 25. Qb5 Nd5 26. Bxd5 Qf5 27. Be7 Re8 28.
Bd6 Rbd8 29. Bc7 Rc8 30. Qxb6 Qd7 31. Qxa5 Rxc7 32. Bf3 e4 33. Bg4 Qe7 34. b4 d3
35. Rae1 Bc3 36. Re3 Bxb4 37. Qb5 Bc5 38. Ree1 Ra7 39. Rc1 Rc7 40. Rc4 Bxf2+ 41.
Rxf2 e3 42. Rff4 e2 43. Rfe4 e1=Q+ 44. Rxe1 Qxe1+ 45. Kh2 Rxc4 46. Qxc4 Re3 47.
Qc8+ Kg7 48. Qc5 Qg3+ 49. Kg1 Re1# 0-1

[Event "Abertura India do rei 1a atempt!"]
[Site "http://www.queenalice.com/game.php?id=1647185"]
[Date "2021.3.20"]
[Round "-"]
[White "iceman_gobbi"]
[Black "uacaman"]
[Result "0-1"]
[WhiteElo "1662"]
[BlackElo "1569"]

1. d4 d5 2. c4 dxc4 3. Nc3 e6 4. e4 f6 5. Bxc4 a6 6. Nf3 b5 7. Bb3 b4 8. Na4 Bb7
9. Bxe6 Be7 10. O-O Bxe4 11. Re1 Bd5 12. Nc5 c6 13. Qa4 Bxf3 14. Nb7 Qc7 15.
gxf3 Qxb7 16. Bd5 Qd7 17. Qxb4 cxd5 18. Bf4 Nc6 19. Qc3 g5 20. Bg3 Nh6 21. Qa3
Nf5 22. Qd3 Nfxd4 23. Qe3 Nc2 24. Rad1 Nxe1 25. Qxe1 h5 26. h4 gxh4 27. Bxh4
Rg8+ 28. Kf1 Qh3+ 29. Ke2 Qxh4 30. Rxd5 Qc4+ 31. Rd3 Nd4+ 32. Ke3 Nc2+ 33. Kd2
Nxe1 34. Rb3 Bb4+ 35. Ke3 Nc2# 0-1

[Event "Dai amigo, vamos num honesto?!"]
[Site "http://www.queenalice.com/game.php?id=1647187"]
[Date "2021.3.20"]
[Round "-"]
[White "iceman_gobbi"]
[Black "Rider"]
[Result "1-0"]
[WhiteElo "1642"]
[BlackElo "1575"]

1. d4 d5 2. c4 dxc4 3. e4 b5 4. Nc3 a6 5. a3 Nc6 6. d5 Ne5 7. Nf3 Ng4 8. Bf4 Bb7
9. Qd4 c6 10. Be2 e6 11. d6 Qd7 12. Ne5 Nxe5 13. Bxe5 f6 14. Bg3 e5 15. Bxe5
fxe5 16. Bh5+ Kd8 17. Qb6+ Kc8 18. Bg4 Kb8 19. Bxd7 Bxd6 20. Bxc6 Ra7 21. Qd8+
Bc8 22. O-O Bc5 23. Nd5 Rf7 24. Rac1 Rf8 25. Qg5 Nh6 26. Qxg7 Nf7 27. b4 Bd4 28.
a4 bxa4 29. Rxc4 h5 30. Bxa4 Rhg8 31. Qf6 Ng5 32. Qd6+ Ka8 33. Bc6+ Ka7 34. Qe7+
Kb8 35. Qc7# 1-0

[Event "Challenge"]
[Site "http://www.queenalice.com/game.php?id=1648008"]
[Date "2021.3.28"]
[Round "-"]
[White "iceman_gobbi"]
[Black "ROYANDROLL"]
[Result "1-0"]
[WhiteElo "1644"]
[BlackElo "1457"]

1. d4 d5 2. c4 c6 3. Nc3 e6 4. e4 Bb4 5. Bd2 Bxc3 6. Bxc3 a5 7. Bd3 Qh4 8. Nf3
Qf4 9. O-O dxe4 10. Bd2 Qf5 11. Nh4 Qf6 12. Bxe4 Qxh4 13. Qf3 f5 14. Bd3 Qxd4
15. Bc3 Qd7 16. Qg3 Kf8 17. Rfe1 Nh6 18. Re2 Ng4 19. Rae1 Qe7 20. Bxf5 h5 21.
Bxe6 Bxe6 22. Rxe6 Qd8 23. Qf4+ Kg8 24. Re8+ Qxe8 25. Rxe8+ Kh7 26. Qe4+ Kh6 27.
Rxh8+ Kg5 28. h4+ Kxh4 29. Qe7+ Nf6 30. Bxf6+ gxf6 31. Qxf6+ Kg4 32. Rg8# 1-0

[Event "Gambito da rainha 3th time!"]
[Site "http://www.queenalice.com/game.php?id=1650060"]
[Date "2021.4.18"]
[Round "-"]
[White "iceman_gobbi"]
[Black "uacaman"]
[Result "1-0"]
[WhiteElo "1683"]
[BlackElo "1576"]

1. d4 d5 2. c4 Bf5 3. Nc3 e6 4. e3 Bb4 5. Bd2 Nc6 6. cxd5 Bxc3 7. Bxc3 exd5 8.
Bb5 Ne7 9. Bxc6+ Nxc6 10. Nf3 O-O 11. O-O b5 12. a3 a5 13. Qe2 Na7 14. b4 a4 15.
Nd2 Qg5 16. e4 Bh3 17. Qf3 Bg4 18. Qg3 h5 19. f4 1-0

[Event "Revenge 😏"]
[Site "http://www.queenalice.com/game.php?id=1757951"]
[Date "2021.4.29"]
[Round "-"]
[White "Ew"]
[Black "iceman_gobbi"]
[Result "0-1"]
[WhiteElo "1713"]
[BlackElo "1695"]

1. e4 c5 2. d4 Nc6 3. d5 Ne5 4. Bf4 d6 5. Bxe5 dxe5 6. Nf3 f6 7. Bb5+ Bd7 8.
Bxd7+ Qxd7 9. Nc3 e6 10. dxe6 Qxe6 11. O-O Bd6 12. Nb5 Bb8 13. b3 Ne7 14. c4 O-O
15. g3 a6 16. Nc3 f5 17. exf5 Nxf5 18. Qd3 h6 19. Nd5 e4 20. Qe2 Nd4 21. Nxd4
cxd4 22. Rad1 Qe5 23. Nb6 d3 24. Qe3 Rf3 25. Qd2 e3 26. Qxd3 exf2+ 27. Rxf2 Rxd3
28. Rxd3 Ra7 29. Rd8+ Kh7 30. Nd7 Bc7 31. Rc8 Qe1+ 32. Rf1 Qd2 33. Rxc7 Qe3+ 34.
Rf2 b5 35. Nf8+ Kg8 36. Rc8 Rf7 37. Ng6+ Kh7 38. Nf4 g5 39. Nh3 Qe1+ 40. Kg2 Kg6
41. Rc6+ Kh5 42. Rxf7 Qe4+ 43. Kg1 Qxc6 44. Nf2 bxc4 45. Rf5 c3 0-1

[Event "Rematch's rmach Masteriz our gam"]
[Site "http://www.queenalice.com/game.php?id=1760244"]
[Date "2021.5.22"]
[Round "-"]
[White "iceman_gobbi"]
[Black "Ew"]
[Result "1-0"]
[WhiteElo "1722"]
[BlackElo "1696"]

1. d4 d5 2. c4 c6 3. e3 Nd7 4. Nf3 g6 5. Nc3 Bg7 6. Bd3 e5 7. cxd5 exd4 8. Nxd4
Bxd4 9. exd4 cxd5 10. Nxd5 Ndf6 11. Nxf6+ Qxf6 12. Qa4+ Bd7 13. Bb5 Qe6+ 14. Be3
Nf6 15. O-O O-O 16. Rfe1 Qd5 17. Bxd7 Nxd7 18. Bh6 Rfc8 19. Rac1 Rxc1 20. Rxc1
Re8 21. Qxa7 Qh5 22. Bf4 1-0

[Event "Challenge1"]
[Site "http://www.queenalice.com/game.php?id=1761023"]
[Date "2021.5.30"]
[Round "-"]
[White "Rider"]
[Black "iceman_gobbi"]
[Result "0-1"]
[WhiteElo "1496"]
[BlackElo "1759"]

1. e4 c5 2. d4 e6 3. c3 d5 4. exd5 exd5 5. Bb5+ Bd7 6. Bxd7+ Nxd7 7. Qe2+ Qe7 8.
Qxe7+ Bxe7 9. Nf3 Ngf6 10. O-O Ne4 11. dxc5 Ndxc5 12. Nd4 O-O 13. Re1 Nd3 14.
Rd1 Nxc1 15. Rxc1 Bg5 16. Rd1 Rfe8 17. Nb5 Bf4 18. f3 Nf6 19. g3 Be5 20. f4 Bb8
21. Nd2 a6 22. Nd4 Bd6 23. Nf5 Bc5+ 24. Kh1 Re2 25. b4 Bb6 26. c4 dxc4 27. Nxc4
Ba7 28. Na5 b6 29. Nc6 b5 30. Nfe7+ Kf8 31. Nf5 Bf2 32. a3 Rae8 33. Rd8 Rxd8 34.
Nxd8 g6 35. Nd6 Ke7 36. N8b7 Ne4 37. Rc1 Nxd6 38. Nxd6 Kxd6 39. Rd1+ Ke7 40. Kg2
Bd4+ 41. Kh3 Bb2 42. Rd3 Ke6 43. Kg4 Rxh2 44. Re3+ Kf6 45. Rd3 h5+ 46. Kf3 Kf5
47. Rb3 g5 48. fxg5 Kxg5 49. Rd3 Kf5 50. Rd5+ Be5 51. Rc5 Rh3 52. Kg2 Rxg3+ 53.
Kf2 Rxa3 54. Rc8 Kf4 55. Rf8 Ra2+ 56. Ke1 f6 57. Rh8 Ke3 58. Rxh5 Ra1# 0-1

[Event "Challenge"]
[Site "http://www.queenalice.com/game.php?id=1761717"]
[Date "2021.6.8"]
[Round "-"]
[White "rumplestiltskin"]
[Black "iceman_gobbi"]
[Result "0-1"]
[WhiteElo "1620"]
[BlackElo "1655"]

1. e4 c5 2. f4 e6 3. Nf3 d5 4. e5 g6 5. Bb5+ Bd7 6. Bxd7+ Nxd7 7. d4 Bg7 8. O-O
Ne7 9. Nc3 Nf5 10. b3 O-O 11. Re1 f6 12. g4 Nh6 13. h3 cxd4 14. Nxd4 Qb6 15. Na4
Qb4 16. Nxe6 Rf7 17. Bd2 Qe7 18. Nd4 fxe5 19. Ne2 Qh4 20. Nec3 Qg3+ 21. Kh1
Qxh3+ 22. Kg1 Nxg4 23. Qe2 exf4 24. Rf1 Bd4+ 25. Be3 Bxe3+ 0-1

[Event "The perfect game for boths!"]
[Site "http://www.queenalice.com/game.php?id=1763790"]
[Date "2021.7.5"]
[Round "-"]
[White "iceman_gobbi"]
[Black "Ew"]
[Result "1-0"]
[WhiteElo "1746"]
[BlackElo "1681"]

1. d4 b6 2. c4 Bb7 3. Nf3 g6 4. Nc3 Bg7 5. e4 Nf6 6. Bd3 O-O 7. O-O Na6 8. e5
Ng4 9. h3 Nh6 10. Re1 d6 11. e6 1-0

[Event "Challenge"]
[Site "http://www.queenalice.com/game.php?id=1767569"]
[Date "2021.8.21"]
[Round "-"]
[White "iceman_gobbi"]
[Black "Rider"]
[Result "1-0"]
[WhiteElo "1737"]
[BlackElo "1563"]

1. d4 d5 2. c4 dxc4 3. Nf3 Nf6 4. Nc3 e6 5. e3 a6 6. Bxc4 b5 7. Bd3 Bb7 8. O-O
Bb4 9. Qc2 Bxf3 10. gxf3 Nh5 11. a3 Bd6 12. Ne4 Be7 13. b4 f5 14. Nc5 O-O 15.
Nxe6 Qc8 16. Nxf8 Bxf8 17. Bxf5 Qd8 18. Bxh7+ Kh8 19. Qf5 Nf6 20. Bg6 Bd6 21.
Bf7 Nh7 22. e4 Nc6 23. Rd1 Qf8 24. d5 Ne7 25. Qh5 Rd8 26. Bb2 c5 27. dxc6 Nxc6
28. Rac1 Nb8 29. Bg6 Qg8 30. Rc2 Rd7 31. Rcd2 Bxh2+ 32. Qxh2 Rxd2 33. Rxd2 Nc6
34. Qd6 Na7 35. Qd8 Ng5 36. Qxg5 Nc6 37. Qh5+ Qh7 38. Qxh7# 1-0